000 00864nam a2200181 a 4500
001 000040728
005 20201002034333.0
008 130905s2011 sp 001 0 spa d
020 _a9788496634657
040 _aDO-SdBNP
_bspa
_cVBPHU
245 1 0 _aManual de literatura hispanoamericana /
_cFelipe B. Pedraza Jiménez, coordinador.
260 _aNavarra, España :
_bCenlit, Ediciones,
_c2011.
300 _av. ;
_c21 cm.
500 _aLa biblioteca posee el v. 5 y 7
500 _aIncluye índice
505 0 _gV. 1:
_tÉpoca virreinal.l
_gV. 2,
_tSiglo XIX.
_gV. 3,
_tModernismo --
_gV 4,
_tLas Vanguardias. --
_gV 5,
_tLa época contemporanea: introducción, teatro y poesía --
_gV 6,
_tLa época contemporanea: prosa.--
_gV 7,
_tCronología. Indice de títulos. Indice de autores y obras anónimas. Indice-- genera
700 1 _aPedraza Jiménez, Felipe B.
_d1953-
_967124
999 _c40218
_d40218